00840nam a2200193Ia 4500003000900000008004100009020003000050022002200080022002300102040001600125100002400141245009100165260013300256300002000389490002700409700002500436700002200461856016300483IN-BaIIA211028s9999 xx s 000 0 eng d a978-1-108-47152-7 (Print) a1743-9213 (Print) a1743-9221 (Online) cIIA Library aKerschbaum, F., ed. 0aWhy Galaxies Care About AGB Stars: A Continuing Challenge through Cosmic Timeh[eBook] aCambridge bCambridge University Press c2020 aOnline resource aIAU Symposium; no. 343 aGroenewegen, M., ed. aOlofsson, H., ed. uhttps://www.cambridge.org/core/journals/proceedings-of-the-international-astronomical-union/issue/A9B83D4F6B068A168E40C17DA966FC6EyClick Here to Access eBook